Costos de la congestión de tráfico
Guardat en:
| Autor principal: | |
|---|---|
| Format: | Llibre |
| Idioma: | espanyol |
| Publicat: |
Santiago
Pontificia Universidad Católica de Chile
1970
|
| Matèries: | |
| Etiquetes: |
Afegir etiqueta
Sense etiquetes, Sigues el primer a etiquetar aquest registre!
|
MARC
| LEADER | 00000nam a2200000 a 4500 | ||
|---|---|---|---|
| 001 | UCU6629 | ||
| 003 | CL-VaPUC | ||
| 008 | 960621e19700000CL |||||||||||||||||spa|d | ||
| 082 | 0 | 4 | |a 388.413 |b ESC |2 21 |
| 100 | 0 | |a Escudero O., Juan |e author |9 364927 | |
| 245 | 1 | 0 | |a Costos de la congestión de tráfico |
| 300 | |a 235 p | ||
| 942 | |c BK | ||
| 945 | |d 19960621 00:00:00 |a lriquelm | ||
| 260 | |a Santiago |b Pontificia Universidad Católica de Chile |c 1970 | ||
| 650 | 0 | |a Tráfico |9 263653 | |
| 650 | 7 | |a CALLES |2 CL-VaPUC |9 364295 | |
| 650 | 0 | |a Planificación urbana |9 258176 | |
| 650 | 0 | |a Congestión urbana |9 364928 | |
| 650 | 7 | |a DESARROLLO URBANO |2 CL-VaPUC |9 364929 | |
| 583 | |a last modification |c 19960621 00:00:00 |k Rodrigo Vera | ||
| 999 | |c 249478 |d 249476 | ||
| 952 | |0 0 |1 0 |4 0 |6 388_413000000000000_ESC_1970 |7 0 |8 A |9 266752 |a BIBING |b BIBING |d 2019-11-19 |i 1689398 |o 388.413 ESC 1970 |p 1689398 |r 2025-01-20 |w 2019-11-19 |y BK |k TRA | ||